| 000 | 00760nam a2200253Ia 4500 | ||
|---|---|---|---|
| 003 | OSt | ||
| 005 | 20220926013441.0 | ||
| 006 | a|||||r|||| 00| 0 | ||
| 007 | ta | ||
| 008 | 220923b |||||||| |||| 00| 0 eng d | ||
| 020 |
_aI860649394 _c3343.28 |
||
| 037 |
_b793, 18/03/2005, RK _cGeneral Book |
||
| 040 |
_aRTL _cRTL _beng |
||
| 041 |
_2eng _aeng |
||
| 082 | _aY31.561.N9, P4 | ||
| 100 |
_aWild Trevor _9318347 |
||
| 245 | 0 |
_aVillage England _b A social history of the countryside |
|
| 260 |
_aNew York _bI B Tauris _c2004 |
||
| 300 |
_axix, 204p _ccm. |
||
| 500 | _aBibliography P 190-196 | ||
| 650 | _aRural Sociology | ||
| 942 |
_hY31.561.N9, P4 _cGB _2CC |
||
| 999 |
_c626004 _d626004 |
||